000 00433nam a2200157Ia 4500
008 151021s9999 xx 000 0 und d
020 _a324171633
050 _aHB 172.N 48 2004
245 _a_Intermediate Microenomics and its application
260 _aUSA Thomson 2004
300 _axxiv,615p.
500 _aIncludes index
500 _aIncludes index
650 _a_Microeconomics
980 _a^d20130520 05:23:24^oanne
999 _c13524
_d13524